| 000 | 01045cam a2200349 i 4500 | ||
|---|---|---|---|
| 001 | 200463085 | ||
| 003 | TR-AnTOB | ||
| 005 | 20250616114636.0 | ||
| 007 | ta | ||
| 008 | 250616m19709999enka 001 0 eng | ||
| 010 | _a 76489917 | ||
| 015 | _aB70-08301 (v. 1) | ||
| 035 | _a(TR-AnTOB)200463085 | ||
| 040 |
_aDLC _beng _erda _cDLC _dDLC _dTR-AnTOB |
||
| 041 | 0 | _aeng | |
| 050 | 0 | 4 |
_aTK7871.99.T5 _bP69 |
| 090 |
_aTK7871.99.T5 _bP69 |
||
| 245 | 1 | 0 | _aPower engineering using thyristors. |
| 264 | 1 |
_aLondon : _bMullard Ltd. (Industrial Electronics Division), _c1970- |
|
| 300 |
_avolumes : _billustrations ; _c22 cm |
||
| 336 |
_atext _btxt _2rdacontent |
||
| 337 |
_aunmediated _bn _2rdamedia |
||
| 338 |
_avolume _bnc _2rdacarrier |
||
| 350 | _a30/- (v. 1) | ||
| 500 | _aIncludes index. | ||
| 505 | 1 | _av. 1. Techniques of thyristor power control. | |
| 650 | 0 |
_aThyristors _9147446 |
|
| 710 | 2 |
_aMullard Limited. _bIndustrial Electronics Division _9147451 |
|
| 942 |
_2lcc _cBK |
||
| 999 |
_c200463085 _d81297 |
||